| 000 | 00660nam a22002057a 4500 | ||
|---|---|---|---|
| 005 | 20260701113454.0 | ||
| 010 | _aENG-120308 ENG-137362 ENG-148922 | ||
| 020 |
_a9789351460268 _c600.00 |
||
| 020 | _c750.00 | ||
| 035 | _aEN-103840 EN-120894 | ||
| 035 | _aEN-132454 | ||
| 037 | _bDBAD | ||
| 082 | _a230.35 | ||
| 100 |
_aGupta,Nand Lal _989473 |
||
| 245 |
_aYogirajadhiraj swami vishuddhanand paramahansadeva : _blife and philosophy/ _cby Nand lal Gupta |
||
| 260 |
_aVaranasi _bVishwavidyalaya prakashan _c2014 |
||
| 270 |
_aChowk _bVaranasi _e221001 |
||
| 300 |
_axviii,396p [12].: _c24cm(Hb) _bill. |
||
| 942 |
_2ddc _cEN _h230.35 _mGUP |
||
| 999 |
_c144038 _d144038 |
||